00338pab a2200121 454500008004000000100002200040245007100062260000900133300001300142362001100155650002100166773002900187180718b2001 xxu||||| |||| 00| 0 eng d aThrasher, Michael aProportional representation in local government (a review article) c2001 ap.130-34 aSummer aLocal government aLocal Government Studies